00978mam a2200265 a 450000100060000000300080000600500170001400800410003102000290007203500190010104000270012004100080014708200270015510000250018224500980020726000500030530000240035549000150037950000730039450000780046750400650054561000420061065100450065283000150069744887BD-RjUL20211209053931.0160720s1991 bg b f001 0 eng  a984073881Xc: TK 150.00  a(BD-RjUL)45005 aDLCcDLCdBD-RjULbeng aeng00a328.5414223bHUP 19991 aHusain, Shawkat Ara 10aPolitics and society in Bengal, 1921-1936 :ba legislative perspective /cShawkat Ara Husain. aDhaka :bBangla Academy,c1991 [Reprint 1999] ax, 233 p. ;c22 cm. aBA ;v3872 aRevision of the author's thesis (Ph. D.--University of Dhaka, 1985). aAnalyzed in the context of the working of the Bengal Legislative Council. aIncludes bibliographical references (p. 213-226) and index.10aBengal (India).bLegislative Council. 0aBengal (India)xPolitics and government. aBA ;v3872